The Intel Microprocessors 8086/8088,80186/80188,80286,80286,808386,80486.. (Record no. 65)

MARC details
000 -LEADER
fixed length control field 00425nam a22001577a 4500
005 - DATE AND TIME OF LATEST TRANSACTION
control field 20180202114028.0
008 - FIXED-LENGTH DATA ELEMENTS--GENERAL INFORMATION
fixed length control field 160426b xxu||||| |||| 00| 0 eng d
020 ## - INTERNATIONAL STANDARD BOOK NUMBER
ISBN 81-203-1220-1
041 ## - LANGUAGE CODE
Language code of text/sound track or separate title eng
082 ## - DEWEY DECIMAL CLASSIFICATION NUMBER
Item number 00186
Classification number 004.165
100 ## - MAIN ENTRY--AUTHOR NAME
Personal name Brey. Barary B.
245 ## - TITLE STATEMENT
Title The Intel Microprocessors 8086/8088,80186/80188,80286,80286,808386,80486..
260 ## - PUBLICATION, DISTRIBUTION, ETC. (IMPRINT)
Place of publication New Delhi
Name of publisher PHI Pvt Ltd.
Year of publication 1988
300 ## - PHYSICAL DESCRIPTION
Number of Pages 907
942 ## - ADDED ENTRY ELEMENTS (KOHA)
Koha item type Books
Holdings
Lost status Damaged status Collection code Home library Current library Shelving location Date acquired Source of acquisition Cost, normal purchase price Full call number Accession Number Koha item type
    CS/IT JRU Library JRU Library SHELF-48-J 26/04/2016 PURCHASE 275.00 004.16 00186 Books